000 00812cab a22002055a 4500
001 L138884
008 070717e20070713xxk f 000 0 eng d
035 _a(Sirsi) u138884
041 0 _aeng
100 1 _aUnger, Paul
245 0 0 _aRegional
_bNorth-west
260 _c2007
490 0 _aProperty Week
_v72(28) 13 July 2007, 77-104(11)
520 _aLooks at the planning issues surrounding Peel Holdings' proposed Liverpool Waters and Wirral Waters docklands schemes in Liverpool. Reports on Manchester's office market, including One New York Street. Discusses Liverpool?s hopes of obtaining inward investment from its sister city Shanghai.
590 _aKA
651 4 _aNorthwest England
690 _aPROPERTY-COMMERCIAL PROPERTY-COMMERCIAL PROPERTY MARKET
700 1 _aShepherd, Mark
942 _n0
999 _c79021
_d79021